Geometry Dash - Most Downloaded Levels by Letter - Q - Statistics

General Stats
  • This quiz has been taken 23 times
    7 since last reset
  • The average score is 10 of 20
Answer Stats
Publisher Difficulty Answer Downloads % Correct
Riot Extreme Demon Quantum Processing 7,700,000
100%
ViPriN Extreme Demon Quaoar 1,400,000
100%
ZubWill Normal A {Quiet Trip} 480,700
50%
LandonGMD Hard Qi 480,700
50%
Kixgz Harder Quack 474,000
50%
Renn241 Extreme Demon Quanteuse processing 457,000
50%
lumpy Insane Demon QuantumWave 916,200
50%
zejoant Medium Demon Quarion 2,600,000
50%
chipzz Medium Demon Quark 500,100
50%
Kazey Easy Demon quazillion 1,500,000
50%
Debihan Insane Quebrantar 1,500,000
50%
SupuGD Insane que cellaro 428,200
50%
SupuGD Harder Que Sewero 444,500
50%
Subwoofer Hard Quest 809,700
50%
LazerBlitz Insane Demon Quest For Perfection 1,400,000
50%
Alpheia Harder Question Mark 717,700
50%
Homeboye Hard Quest to Touch Grass 1,000,000
50%
GRISK Normal QUIZ II 746,000
50%
pineapple Hard Quantum Lab 444,900
0%
Dymond16 Harder Quest through Time 1,100,000
0%
No matching quizzes found
Score Distribution
Percent of People with Each Score
Percentile by Number Answered
Your Score History
You have not taken this quiz since the last reset